000 00941nam0a22002291i 4500
001 rc\3676629
005 20240726014059.0
021 _aRU
_b[69-86417]
035 _a(NLR Aleph) 007748736
090 _a7240301
_c7240301
100 _a20130115d1969 |||y0rusy50 ca
101 0 _arus
102 _aRU
105 _ay d |||||
200 1 _aУчет затрат на геологоразведочные работы в себестоимости и цене добычи полезных ископаемых
_e(На примере нефти и газа)
_eАвтореф. дис. на соискание учен. степени канд. экон. наук
_e(598)
_fАН СССР. Ин-т экономики
210 _aМосква
_d1969
215 _a25 с.
700 1 _aКосинов
_bН.Н.
_gНиколай Николаевич
801 0 _aRU
_bNLR
_gpsbo
801 1 _aRU
_bELAR
_2rusmarc
852 _aNLR
_j69-4/21179
942 _cBOOK